000 00613nam a22001937a 4500
005 20241025152509.0
010 _aENG-142449
020 _a9789353432751
_c650.00
035 _aEN-125981
037 _bDBAD
082 _22 Updated
_a512
100 _aArtin, Michael
_973492
245 _aAlgebra/
_cBy Michael Artin
250 _a2 (Updated)
260 _aNoida
_bPearson India Education
_c2024
270 _a15th floor, Tower- B, World Trade Tower, plot No.1, Block -C, Sector-16, Noida,
_bUttar Pradesh
_e201301
300 _a541p.
_c23cm(pb)
942 _2ddc
_cEN
_h512
_mART
_e2 (Updated)
999 _c206769
_d206769